[Event "HUN-ch U8-U18 2019"]
[Site "Balatonlelle"]
[Date "2019.06.25"]
[Round "6.7"]
[White "Borhy, Marcell"]
[Black "Pasti, Aron"]
[Result "1/2-1/2"]
[WhiteElo "2374"]
[BlackElo "2193"]
[Annotator "NA"]
[PlyCount "50"]
[EventDate "2019.06.21"]
[EventType "swiss"]
[EventCountry "HUN"]
[SourceTitle "playchess.com"]
[Source "ChessBase"]
[SourceQuality "1"]
[TimeControl "40/5400+30:1800+30"]

1. Nf3 {[%emt 0:00:05]} d5 {[%emt 0:00:04]} 2. d3 {[%emt 0:00:09]} c5 {[%emt 0:01:28]} 3. Nbd2 {[%emt 0:00:11]} Nc6 {[%emt 0:00:09]} 4. e4 {[%emt 0:00:09]} e6 {[%emt 0:02:27]} 5. Be2 {[%emt 0:00:34]} Nf6 {[%emt 0:00:16]} 6. c3 {[%emt 0:00:18]} Be7 {[%emt 0:01:35]} 7. O-O {[%emt 0:00:51]} O-O {[%emt 0:01:19]} 8. e5 {[%emt 0:04:29]} Nd7 {[%emt 0:04:20]} 9. d4 {[%emt 0:00:08]} f6 {[%emt 0:01:35]} 10. exf6 {[%emt 0:00:37]} Bxf6 {[%emt 0:02:40]} 11. dxc5 {[%emt 0:12:04]} Nxc5 {[%emt 0:01:48]} 12. Nb3 {[%emt 0:01:12]} Nxb3 {[%emt 0:06:01]} 13. Qxb3 {[%emt 0:00:41]} Qc7 {[%emt 0:00:26]} 14. Be3 {[%emt 0:01:20]} b6 {[%emt 0:02:28]} 15. Rad1 {[%emt 0:07:52]} Bb7 {[%emt 0:02:30]} 16. Qc2 {[%emt 0:03:22]} g6 {[%emt 0:12:43]} 17. Qc1 {[%emt 0:09:02]} Ne7 {[%emt 0:10:24]} 18. c4 {[%emt 0:08:04]} Nf5 {[%emt 0:03:27]} 19. cxd5 {[%emt 0:04:24]} Qxc1 {[%emt 0:00:12]} 20. Bxc1 {[%emt 0:01:43]} Bxd5 {[%emt 0:01:36]} 21. b3 {[%emt 0:00:54]} Rfc8 {[%emt 0:01:56]} 22. Bd3 {[%emt 0:01:41]} Rf8 23. Ba3 Rac8 24. Be2 Rf7 25. Rc1 Rfc7 1/2-1/2

[Event "HUN-ch U8-U18 2019"]
[Site "Balatonlelle"]
[Date "2019.06.25"]
[Round "6.7"]
[White "Pribelszky, Bence"]
[Black "Karacsonyi, Gellert"]
[Result "0-1"]
[WhiteElo "2244"]
[BlackElo "2304"]
[Annotator "ChessBase"]
[PlyCount "102"]
[EventDate "2019.06.21"]
[EventType "swiss"]
[EventCountry "HUN"]
[SourceTitle "playchess.com"]
[Source "ChessBase"]
[SourceQuality "1"]
[TimeControl "40/5400+30:1800+30"]

1. f4 {[%emt 0:00:18]} Nf6 {[%emt 0:03:58]} 2. Nf3 {[%emt 0:00:25]} d5 {[%emt 0:02:42]} 3. e3 {[%emt 0:01:07]} c5 {[%emt 0:01:45]} 4. b3 {[%emt 0:01:19]} Bf5 {[%emt 0:02:19]} 5. Bb2 {[%emt 0:00:27]} e6 {[%emt 0:00:29]} 6. Bb5+ {[%emt 0:05:15]} Nc6 {[%emt 0:00:29]} 7. Bxc6+ {[%emt 0:06:42]} bxc6 {[%emt 0:00:57]} 8. d3 {[%emt 0:00:32]} Bd6 {[%emt 0:06:07]} 9. Qe2 {[%emt 0:04:59]} h6 {[%emt 0:03:26]} 10. Nbd2 {[%emt 0:00:34]} Bh7 {[%emt 0:00:23]} 11. O-O {[%emt 0:09:36]} O-O {[%emt 0:00:54]} 12. Kh1 {[%emt 0:08:00]} Rb8 {[%emt 0:08:01]} 13. Rac1 {[%emt 0:02:28]} Nd7 {[%emt 0:02:26]} 14. g4 {[%emt 0:04:15]} f6 {[%emt 0:11:03]} 15. Rg1 {[%emt 0:04:19]} g5 {[%emt 0:06:17]} 16. h4 Qe7 17. Rcf1 {[%emt 0:30:18]} Rf7 {[%emt 0:08:49]} 18. Rg2 {[%emt 0:06:39]} e5 {[%emt 0:07:47]} 19. f5 {[%emt 0:03:42]} Kf8 {[%emt 0:04:05]} 20. e4 {[%emt 0:01:12]} Bg8 {[%emt 0:00:30]} 21. c3 {[%emt 0:05:30]} a5 {[%emt 0:02:14]} 22. d4 {[%emt 0:00:42]} Rh7 {[%emt 0:01:50]} 23. dxe5 {[%emt 0:02:35]} Nxe5 {[%emt 0:01:33]} 24. exd5 {[%emt 0:00:27]} cxd5 {[%emt 0:03:25]} 25. c4 {[%emt 0:00:34]} dxc4 {[%emt 0:11:45]} 26. Bxe5 {[%emt 0:00:19]} Bxe5 {[%emt 0:01:29]} 27. Nxc4 {[%emt 0:00:32]} Bc7 {[%emt 0:02:48]} 28. Rd1 {[%emt 0:00:41]} Rd8 {[%emt 0:02:37]} 29. Rxd8+ {[%emt 0:00:29]} Qxd8 {[%emt 0:00:56]} 30. Qe3 {[%emt 0:00:29]} Re7 {[%emt 0:00:12]} 31. Qc3 {[%emt 0:00:31]} Rd7 {[%emt 0:02:55]} 32. Rd2 {[%emt 0:00:30]} Bd5 {[%emt 0:00:26]} 33. Kg1 {[%emt 0:00:08]} Bf4 {[%emt 0:01:06]} 34. Re2 {[%emt 0:00:53]} Bxf3 {[%emt 0:00:37]} 35. Qxf3 {[%emt 0:00:05]} Rd3 {[%emt 0:00:16]} 36. Qe4 {[%emt 0:00:52]} Rg3+ {[%emt 0:00:15]} 37. Rg2 {[%emt 0:00:31]} Qd1+ {[%emt 0:00:07]} 38. Kf2 {[%emt 0:00:03]} Rd3 {[%emt 0:01:19]} 39. hxg5 {[%emt 0:00:58]} hxg5 {[%emt 0:00:25]} 40. Qa8+ {[%emt 0:00:00]} Rd8 {[%emt 0:00:00]} 41. Qf3 {[%emt 0:21:47]} Qd4+ {[%emt 0:04:27]} 42. Kf1 {[%emt 0:00:23]} Qa1+ {[%emt 0:00:30]} 43. Kf2 {[%emt 0:00:16]} Re8 {[%emt 0:04:32]} 44. Qd3 {[%emt 0:04:15]} Qe1+ {[%emt 0:01:07]} 45. Kf3 {[%emt 0:00:06]} Qh1 {[%emt 0:00:34]} 46. Ne5 {[%emt 0:05:44]} Bxe5 {[%emt 0:00:44]} 47. Qd5 {[%emt 0:00:31]} Qf1+ {[%emt 0:00:46]} 48. Rf2 {[%emt 0:00:22]} Qh3+ {[%emt 0:00:06]} 49. Ke2 {[%emt 0:00:12]} Bd4+ {[%emt 0:00:10]} 50. Kd1 {[%emt 0:00:36]} Qd3+ {[%emt 0:00:09]} 51. Rd2 {[%emt 0:00:19]} Qb1# {[%emt 0:00:05]} 0-1

[Event "HUN-ch U8-U18 2019"]
[Site "Balatonlelle"]
[Date "2019.06.25"]
[Round "6.8"]
[White "Virag, Balint"]
[Black "Palczert, Botond"]
[Result "1-0"]
[WhiteElo "2173"]
[BlackElo "2068"]
[Annotator "ChessBase"]
[PlyCount "110"]
[EventDate "2019.06.21"]
[EventType "swiss"]
[EventCountry "HUN"]
[SourceTitle "playchess.com"]
[Source "ChessBase"]
[SourceQuality "1"]
[TimeControl "40/5400+30:1800+30"]

1. e4 {[%emt 0:00:02]} c5 {[%emt 0:00:07]} 2. Nf3 {[%emt 0:00:07]} d6 {[%emt 0:00:33]} 3. d4 {[%emt 0:00:07]} cxd4 {[%emt 0:00:06]} 4. Nxd4 {[%emt 0:00:08]} Nf6 {[%emt 0:00:04]} 5. Nc3 {[%emt 0:00:08]} a6 {[%emt 0:00:09]} 6. Be2 {[%emt 0:00:08]} e5 {[%emt 0:01:01]} 7. Nb3 {[%emt 0:00:09]} Nbd7 {[%emt 0:01:36]} 8. Be3 {[%emt 0:09:55]} Be7 {[%emt 0:01:25]} 9. O-O {[%emt 0:02:28]} O-O {[%emt 0:01:40]} 10. a4 {[%emt 0:00:46]} b6 {[%emt 0:02:40]} 11. f4 {[%emt 0:15:11]} Bb7 {[%emt 0:02:27]} 12. Bf3 {[%emt 0:00:18]} Rc8 {[%emt 0:02:13]} 13. Nd5 {[%emt 0:02:26]} Nxd5 {[%emt 0:04:26]} 14. exd5 {[%emt 0:01:13]} Bf6 {[%emt 0:11:17]} 15. c3 {[%emt 0:03:25]} exf4 {[%emt 0:02:38]} 16. Bxf4 {[%emt 0:00:28]} Be5 {[%emt 0:00:45]} 17. Qd2 {[%emt 0:07:01]} Qh4 {[%emt 0:04:57]} 18. Be2 {[%emt 0:05:01]} Rfe8 {[%emt 0:05:03]} 19. g3 {[%emt 0:07:02]} Bxf4 {[%emt 0:08:25]} 20. Rxf4 {[%emt 0:00:43]} Qg5 {[%emt 0:01:58]} 21. c4 {[%emt 0:18:58]} Qe5 {[%emt 0:00:30]} 22. Bg4 Nc5 23. Nxc5 {[%emt 0:01:00]} Rxc5 {[%emt 0:07:52]} 24. Raf1 {[%emt 0:00:14]} Rc7 {[%emt 0:03:03]} 25. Qf2 {[%emt 0:00:17]} f6 {[%emt 0:14:53]} 26. Qxb6 {[%emt 0:06:23]} Qe3+ {[%emt 0:00:15]} 27. Qxe3 {[%emt 0:00:13]} Rxe3 {[%emt 0:00:05]} 28. R1f3 {[%emt 0:03:35]} Re1+ {[%emt 0:07:04]} 29. Kf2 {[%emt 0:00:27]} Rce7 {[%emt 0:00:27]} 30. Rb3 {[%emt 0:00:44]} Ra1 {[%emt 0:01:27]} 31. Be6+ {[%emt 0:00:28]} Kf8 {[%emt 0:00:30]} 32. Rb6 {[%emt 0:01:16]} Rxa4 {[%emt 0:00:27]} 33. Re4 {[%emt 0:02:26]} f5 {[%emt 0:01:12]} 34. Rd4 {[%emt 0:02:18]} Rc7 {[%emt 0:03:19]} 35. b3 {[%emt 0:01:45]} Ra2+ {[%emt 0:00:45]} 36. Ke3 {[%emt 0:00:35]} Ke7 {[%emt 0:00:48]} 37. Rd2 {[%emt 0:02:32]} Ra3 {[%emt 0:01:24]} 38. Bxf5 {[%emt 0:02:21]} g6 {[%emt 0:01:08]} 39. Be6 {[%emt 0:00:43]} a5 {[%emt 0:02:59]} 40. Rf2 {[%emt 0:00:00]} Ke8 {[%emt 0:00:00]} 41. Rf7 {[%emt 0:04:51]} Rxf7 {[%emt 0:04:26]} 42. Bxf7+ {[%emt 0:00:10]} Kxf7 {[%emt 0:00:32]} 43. Rxb7+ {[%emt 0:00:02]} Kf6 {[%emt 0:00:17]} 44. Kd4 {[%emt 0:01:10]} a4 {[%emt 0:06:08]} 45. bxa4 {[%emt 0:03:55]} Rxa4 {[%emt 0:01:03]} 46. Rxh7 {[%emt 0:00:32]} Ra1 {[%emt 0:00:39]} 47. Rd7 {[%emt 0:00:48]} Rd1+ {[%emt 0:00:45]} 48. Ke4 {[%emt 0:00:17]} Re1+ {[%emt 0:00:28]} 49. Kd3 {[%emt 0:00:07]} Rd1+ {[%emt 0:01:01]} 50. Kc2 {[%emt 0:00:40]} Rh1 {[%emt 0:00:27]} 51. Rxd6+ {[%emt 0:00:07]} Kf5 {[%emt 0:00:17]} 52. Re6 {[%emt 0:01:05]} Rxh2+ {[%emt 0:00:07]} 53. Kd3 {[%emt 0:00:10]} Rh3 {[%emt 0:00:19]} 54. Re3 {[%emt 0:00:11]} Rh1 {[%emt 0:00:51]} 55. Kd4 {[%emt 0:00:14]} Rd1+ {[%emt 0:00:16] Ke4+} 1-0

[Event "HUN-ch U8-U18 2019"]
[Site "Balatonlelle"]
[Date "2019.06.25"]
[Round "6.8"]
[White "Pater, Peter"]
[Black "Pasztor, Balazs"]
[Result "1/2-1/2"]
[WhiteElo "1901"]
[BlackElo "2215"]
[Annotator "ChessBase"]
[PlyCount "65"]
[EventDate "2019.06.21"]
[EventType "swiss"]
[EventCountry "HUN"]
[SourceTitle "playchess.com"]
[Source "ChessBase"]
[SourceQuality "1"]
[TimeControl "40/5400+30:1800+30"]

1. d4 {[%emt 0:00:02]} d5 {[%emt 0:00:27]} 2. c4 {[%emt 0:00:24]} dxc4 {[%emt 0:00:22]} 3. Nf3 {[%emt 0:00:14]} a6 {[%emt 0:00:09]} 4. g3 {[%emt 0:00:07]} b5 {[%emt 0:09:37]} 5. Bg2 {[%emt 0:00:56]} Bb7 {[%emt 0:01:31]} 6. O-O {[%emt 0:00:16]} Nf6 {[%emt 0:03:18]} 7. a4 {[%emt 0:00:15]} e6 {[%emt 0:05:12]} 8. b3 {[%emt 0:00:38]} cxb3 {[%emt 0:04:22]} 9. Qxb3 {[%emt 0:00:10]} b4 {[%emt 0:08:34]} 10. Bb2 {[%emt 0:03:38]} Bd6 {[%emt 0:03:28]} 11. Nbd2 {[%emt 0:01:32]} O-O {[%emt 0:01:32]} 12. Qc2 {[%emt 0:07:00]} Nbd7 {[%emt 0:06:09]} 13. e4 {[%emt 0:02:46]} Be7 {[%emt 0:00:39]} 14. Ne5 {[%emt 0:05:08]} c5 {[%emt 0:07:24]} 15. Nxd7 {[%emt 0:04:38]} Nxd7 {[%emt 0:04:15]} 16. d5 {[%emt 0:01:14]} exd5 {[%emt 0:07:29]} 17. exd5 {[%emt 0:00:06]} Nb6 {[%emt 0:03:05]} 18. d6 {[%emt 0:00:06]} Bxg2 {[%emt 0:04:07]} 19. dxe7 {[%emt 0:00:27]} Qxe7 {[%emt 0:00:46]} 20. Kxg2 {[%emt 0:00:09]} c4 {[%emt 0:01:25]} 21. a5 {[%emt 0:16:24]} Qb7+ {[%emt 0:01:13]} 22. Kg1 {[%emt 0:03:14]} c3 {[%emt 0:00:22]} 23. axb6 {[%emt 0:00:17]} cxb2 {[%emt 0:00:17]} 24. Qxb2 {[%emt 0:00:05]} Qxb6 {[%emt 0:00:20]} 25. Ra4 {[%emt 0:01:04]} a5 {[%emt 0:00:48]} 26. Rfa1 {[%emt 0:00:41]} Rfd8 {[%emt 0:04:47]} 27. Nc4 {[%emt 0:04:00]} Qb5 {[%emt 0:03:04]} 28. Rxa5 {[%emt 0:03:27]} Rxa5 {[%emt 0:00:17]} 29. Nxa5 {[%emt 0:00:04]} h5 {[%emt 0:00:22]} 30. Nb3 {[%emt 0:00:54]} h4 {[%emt 0:00:34]} 31. Nd2 {[%emt 0:34:07]} Qe2 {[%emt 0:02:33]} 32. Qxb4 {[%emt 0:05:35]} hxg3 {[%emt 0:03:26]} 33. hxg3 {[%emt 0:00:15]} 1/2-1/2

[Event "HUN-ch U8-U18 2019"]
[Site "Balatonlelle"]
[Date "2019.06.25"]
[Round "6.9"]
[White "Kovacsy, Barnabas"]
[Black "Szilagyi, Norbert"]
[Result "1/2-1/2"]
[WhiteElo "2136"]
[BlackElo "2093"]
[Annotator "ChessBase"]
[PlyCount "121"]
[EventDate "2019.06.21"]
[EventType "swiss"]
[EventCountry "HUN"]
[SourceTitle "playchess.com"]
[Source "ChessBase"]
[SourceQuality "1"]
[TimeControl "40/5400+30:1800+30"]

1. e4 {[%emt 0:00:03]} c5 {[%emt 0:00:06]} 2. Nf3 {[%emt 0:00:05]} Nc6 {[%emt 0:00:05]} 3. d4 {[%emt 0:00:04]} cxd4 {[%emt 0:00:05]} 4. Nxd4 {[%emt 0:00:03]} Nf6 {[%emt 0:00:09]} 5. Nc3 {[%emt 0:00:04]} e5 {[%emt 0:00:04]} 6. Ndb5 {[%emt 0:00:06]} d6 {[%emt 0:00:08]} 7. Bg5 {[%emt 0:00:12]} a6 {[%emt 0:00:08]} 8. Na3 {[%emt 0:00:04]} b5 {[%emt 0:00:03]} 9. Nd5 {[%emt 0:00:11]} Be7 {[%emt 0:00:07]} 10. Bxf6 {[%emt 0:00:05]} Bxf6 {[%emt 0:00:03]} 11. c3 {[%emt 0:00:12]} Bg5 {[%emt 0:04:19]} 12. Nc2 {[%emt 0:01:53]} O-O {[%emt 0:00:49]} 13. a4 {[%emt 0:00:26]} Rb8 {[%emt 0:05:26]} 14. axb5 {[%emt 0:01:21]} axb5 {[%emt 0:00:08]} 15. Bd3 {[%emt 0:00:27]} Ne7 {[%emt 0:05:09]} 16. Ndb4 {[%emt 0:03:09]} f5 {[%emt 0:24:52]} 17. exf5 {[%emt 0:14:11]} Bxf5 {[%emt 0:14:14]} 18. Bxf5 {[%emt 0:01:41]} Rxf5 {[%emt 0:02:50]} 19. Nc6 {[%emt 0:11:52]} Nxc6 {[%emt 0:07:31]} 20. Qd5+ {[%emt 0:00:29]} Rf7 {[%emt 0:05:23]} 21. Qxc6 {[%emt 0:00:25]} d5 {[%emt 0:15:42]} 22. O-O {[%emt 0:00:30]} Qd7 {[%emt 0:00:30]} 23. Qxd7 {[%emt 0:00:30]} Rxd7 24. Rfd1 Bf6 {[%emt 0:01:00]} 25. Kf1 {[%emt 0:23:16]} Kf7 {[%emt 0:00:34]} 26. Ke2 {[%emt 0:00:58]} Rb6 {[%emt 0:01:07]} 27. g3 {[%emt 0:07:09]} Bg5 {[%emt 0:05:17]} 28. Nb4 {[%emt 0:06:02]} Ke6 {[%emt 0:01:18]} 29. Ra6 {[%emt 0:05:09]} Rxa6 {[%emt 0:00:56]} 30. Nxa6 {[%emt 0:00:06]} Be7 {[%emt 0:00:22]} 31. Ra1 {[%emt 0:02:37]} Ra7 {[%emt 0:01:45]} 32. Ra2 {[%emt 0:05:10]} Bd6 {[%emt 0:00:18]} 33. Nb4 {[%emt 0:01:18]} Rxa2 {[%emt 0:00:10]} 34. Nxa2 {[%emt 0:00:04]} Be7 {[%emt 0:01:47]} 35. Nc1 {[%emt 0:04:45]} b4 {[%emt 0:01:46]} 36. Nb3 {[%emt 0:05:19]} bxc3 {[%emt 0:00:29]} 37. bxc3 {[%emt 0:00:07]} Bd6 {[%emt 0:00:19]} 38. Kd3 {[%emt 0:02:18]} Kf5 {[%emt 0:00:58]} 39. f3 {[%emt 0:03:38]} Bc7 {[%emt 0:01:58]} 40. Nd2 {[%emt 0:00:00]} Ba5 {[%emt 0:00:00]} 41. Nb3 {[%emt 0:06:45]} Bb6 {[%emt 0:03:35]} 42. Nd2 {[%emt 0:00:26]} Bg1 {[%emt 0:01:29]} 43. h3 {[%emt 0:01:19]} Bf2 {[%emt 0:00:34]} 44. Nf1 {[%emt 0:00:15]} h5 {[%emt 0:08:30]} 45. Ke2 {[%emt 0:03:51]} Bb6 {[%emt 0:00:08]} 46. h4 {[%emt 0:08:12]} Bd8 {[%emt 0:02:43]} 47. c4 {[%emt 0:11:11]} dxc4 {[%emt 0:02:21]} 48. Ne3+ {[%emt 0:00:15]} Ke6 {[%emt 0:00:08]} 49. Nxc4 {[%emt 0:00:06]} Bc7 {[%emt 0:02:20]} 50. Nd2 {[%emt 0:00:46]} Bd8 {[%emt 0:00:25]} 51. Ne4 {[%emt 0:00:25]} Be7 {[%emt 0:00:17]} 52. Kd3 {[%emt 0:02:01]} Kf5 {[%emt 0:02:58]} 53. Ke3 {[%emt 0:02:38]} g5 {[%emt 0:01:36]} 54. hxg5 {[%emt 0:00:26]} Bxg5+ {[%emt 0:00:09]} 55. Nxg5 {[%emt 0:00:05]} Kxg5 {[%emt 0:00:05]} 56. Ke4 {[%emt 0:00:42]} Kf6 {[%emt 0:00:05]} 57. f4 {[%emt 0:00:14]} exf4 {[%emt 0:00:05]} 58. Kxf4 {[%emt 0:00:07]} Kg6 {[%emt 0:00:06]} 59. g4 {[%emt 0:00:10]} h4 {[%emt 0:00:52]} 60. g5 {[%emt 0:00:38]} h3 {[%emt 0:00:10]} 61. Ke4 1/2-1/2

[Event "HUN-ch U8-U18 2019"]
[Site "Balatonlelle"]
[Date "2019.06.25"]
[Round "6.9"]
[White "Daroczi, Donat"]
[Black "Fule, Simon"]
[Result "0-1"]
[WhiteElo "2050"]
[BlackElo "2148"]
[Annotator "ChessBase"]
[PlyCount "106"]
[EventDate "2019.06.21"]
[EventType "swiss"]
[EventCountry "HUN"]
[SourceTitle "playchess.com"]
[Source "ChessBase"]
[SourceQuality "1"]
[TimeControl "40/5400+30:1800+30"]

1. e4 {[%emt 0:00:03]} e5 {[%emt 0:00:05]} 2. Nf3 {[%emt 0:00:04]} Nc6 {[%emt 0:00:05]} 3. Nc3 {[%emt 0:00:06]} Nf6 {[%emt 0:00:10]} 4. d4 {[%emt 0:00:07]} exd4 {[%emt 0:00:36]} 5. Nxd4 {[%emt 0:00:07]} Bb4 {[%emt 0:00:07]} 6. Nxc6 {[%emt 0:00:15]} bxc6 {[%emt 0:00:08]} 7. Bd3 {[%emt 0:00:05]} O-O {[%emt 0:00:17]} 8. O-O {[%emt 0:00:20]} d5 {[%emt 0:00:38]} 9. exd5 {[%emt 0:00:07]} cxd5 {[%emt 0:00:07]} 10. h3 {[%emt 0:00:05]} c6 {[%emt 0:02:00]} 11. Qf3 {[%emt 0:00:08]} h6 {[%emt 0:02:01]} 12. Bf4 {[%emt 0:01:30]} Bd6 {[%emt 0:01:45]} 13. Ne2 {[%emt 0:05:55]} c5 {[%emt 0:12:03]} 14. c3 {[%emt 0:11:25]} Rb8 {[%emt 0:04:59]} 15. b3 {[%emt 0:03:28]} Re8 {[%emt 0:06:02]} 16. Rfd1 {[%emt 0:08:26]} Bb7 {[%emt 0:03:26]} 17. Bxd6 {[%emt 0:03:08]} Qxd6 {[%emt 0:00:16]} 18. Qf4 {[%emt 0:00:04]} Re5 {[%emt 0:11:24]} 19. Rd2 {[%emt 0:20:02]} Rbe8 {[%emt 0:04:05]} 20. Rf1 {[%emt 0:05:45]} Qc6 {[%emt 0:06:19]} 21. f3 {[%emt 0:04:49]} Qb6 {[%emt 0:19:30]} 22. Kh1 {[%emt 0:01:38]} Ba6 {[%emt 0:02:37]} 23. Ng3 {[%emt 0:10:58]} Re3 {[%emt 0:07:22]} 24. Bxa6 {[%emt 0:06:20]} Qxa6 {[%emt 0:00:14]} 25. Rc1 {[%emt 0:00:12]} g5 {[%emt 0:02:44]} 26. Qf5 {[%emt 0:02:22]} Re1+ {[%emt 0:04:12]} 27. Rxe1 {[%emt 0:00:22]} Rxe1+ {[%emt 0:00:01]} 28. Kh2 {[%emt 0:00:01]} Qd6 {[%emt 0:00:33]} 29. Rf2 {[%emt 0:10:45]} Nh5 {[%emt 0:02:28]} 30. f4 {[%emt 0:00:05]} Nxf4 {[%emt 0:01:45]} 31. Qc8+ {[%emt 0:01:54]} Kh7 {[%emt 0:01:29]} 32. Qf5+ {[%emt 0:02:53]} Qg6 {[%emt 0:00:07]} 33. Qd7 {[%emt 0:00:40]} a6 {[%emt 0:02:59]} 34. Qc7 {[%emt 0:00:56]} Re6 {[%emt 0:01:00]} 35. Rf1 {[%emt 0:01:51]} Rc6 {[%emt 0:00:49]} 36. Qd7 {[%emt 0:00:05]} Qe6 {[%emt 0:00:48]} 37. Qa7 {[%emt 0:00:37]} Kg7 {[%emt 0:00:51]} 38. a4 {[%emt 0:00:48]} Qe5 {[%emt 0:00:59]} 39. Qd7 {[%emt 0:00:28]} Rf6 {[%emt 0:00:50]} 40. Qg4 {[%emt 0:00:00]} Kh7 {[%emt 0:00:00]} 41. Qf3 {[%emt 0:05:05]} d4 {[%emt 0:08:07]} 42. cxd4 {[%emt 0:09:18]} cxd4 {[%emt 0:00:23]} 43. Kh1 {[%emt 0:00:03]} Qe3 {[%emt 0:04:34]} 44. Qxe3 {[%emt 0:03:33]} dxe3 {[%emt 0:00:03]} 45. Re1 {[%emt 0:00:10]} Re6 {[%emt 0:03:33]} 46. Kg1 {[%emt 0:00:10]} Kg6 {[%emt 0:00:34]} 47. b4 {[%emt 0:00:26]} Nd3 {[%emt 0:01:02]} 48. Re2 {[%emt 0:00:59]} Nxb4 {[%emt 0:00:58]} 49. Nf1 {[%emt 0:00:41]} Nd5 {[%emt 0:00:07]} 50. g4 {[%emt 0:00:11]} a5 {[%emt 0:00:53]} 51. Kh2 {[%emt 0:00:31]} Re4 {[%emt 0:01:03]} 52. Re1 {[%emt 0:02:01]} Rxa4 {[%emt 0:06:30]} 53. Nxe3 {[%emt 0:00:22]} Re4 {[%emt 0:00:06]} 0-1

[Event "HUN-ch U8-U18 2019"]
[Site "Balatonlelle"]
[Date "2019.06.25"]
[Round "6.10"]
[White "Demjen, Mark"]
[Black "Leszko, Bence"]
[Result "0-1"]
[WhiteElo "1944"]
[BlackElo "2135"]
[Annotator "NA"]
[PlyCount "64"]
[EventDate "2019.06.21"]
[EventType "swiss"]
[EventCountry "HUN"]
[SourceTitle "playchess.com"]
[Source "ChessBase"]
[SourceQuality "1"]
[TimeControl "40/5400+30:1800+30"]

1. e4 {[%emt 0:01:37]} c5 {[%emt 0:00:20]} 2. Nf3 {[%emt 0:00:36]} Nc6 {[%emt 0:00:05]} 3. Bb5 {[%emt 0:00:07]} g6 {[%emt 0:00:08]} 4. c3 {[%emt 0:00:11]} Bg7 {[%emt 0:00:31]} 5. O-O {[%emt 0:00:14]} e5 {[%emt 0:03:22]} 6. Na3 {[%emt 0:01:55]} Nge7 {[%emt 0:02:19]} 7. Nc4 {[%emt 0:04:58]} O-O {[%emt 0:03:20]} 8. d3 {[%emt 0:02:52]} d5 {[%emt 0:02:50]} 9. exd5 {[%emt 0:00:43]} Qxd5 {[%emt 0:00:21]} 10. Bg5 {[%emt 0:03:07]} Be6 {[%emt 0:21:42]} 11. Ne3 {[%emt 0:57:56]} Qd6 {[%emt 0:00:47]} 12. Nd2 {[%emt 0:00:29]} Qc7 {[%emt 0:09:09]} 13. f4 {[%emt 0:00:30]} f6 {[%emt 0:00:30]} 14. f5 {[%emt 0:00:30]} gxf5 {[%emt 0:00:30]} 15. Bh4 {[%emt 0:00:30]} Ng6 {[%emt 0:00:30]} 16. Qh5 {[%emt 0:00:30]} Nf4 {[%emt 0:00:30]} 17. Rxf4 {[%emt 0:00:30]} exf4 {[%emt 0:00:30]} 18. Nxf5 {[%emt 0:00:30]} Bxf5 {[%emt 0:00:30]} 19. Qxf5 {[%emt 0:00:30]} Qe5 20. Qxe5 Nxe5 {[%emt 0:01:00]} 21. d4 {[%emt 0:08:28]} cxd4 {[%emt 0:00:41]} 22. cxd4 {[%emt 0:00:09]} Ng6 {[%emt 0:00:23]} 23. Bc4+ {[%emt 0:00:12]} Kh8 {[%emt 0:00:01]} 24. Bf2 {[%emt 0:00:10]} Rfd8 {[%emt 0:00:49]} 25. Nf3 {[%emt 0:01:45]} Ne7 {[%emt 0:03:34]} 26. h4 {[%emt 0:04:11]} Nf5 {[%emt 0:04:31]} 27. Bd3 {[%emt 0:01:33]} Ne3 {[%emt 0:01:21]} 28. Bxe3 {[%emt 0:05:44]} fxe3 {[%emt 0:00:01]} 29. Be4 {[%emt 0:00:22]} f5 {[%emt 0:01:29]} 30. Bxf5 {[%emt 0:00:17]} Bxd4 {[%emt 0:00:04]} 31. Ng5 {[%emt 0:00:31]} e2+ {[%emt 0:00:37]} 32. Kh1 {[%emt 0:01:06]} Bf2 {[%emt 0:00:13]} 0-1

[Event "HUN-ch U8-U18 2019"]
[Site "Balatonlelle"]
[Date "2019.06.25"]
[Round "6.10"]
[White "Gyenes, Mate"]
[Black "Kozsik, Bende Barnabas"]
[Result "1-0"]
[WhiteElo "1823"]
[BlackElo "2089"]
[Annotator "NA"]
[PlyCount "115"]
[EventDate "2019.06.21"]
[EventType "swiss"]
[EventCountry "HUN"]
[SourceTitle "playchess.com"]
[Source "ChessBase"]
[SourceQuality "1"]
[TimeControl "40/5400+30:1800+30"]

1. d4 {[%emt 0:00:04]} Nf6 {[%emt 0:00:21]} 2. Bf4 {[%emt 0:00:16]} g6 {[%emt 0:00:18]} 3. e3 {[%emt 0:00:08]} Bg7 {[%emt 0:00:09]} 4. Be2 {[%emt 0:00:05]} O-O {[%emt 0:00:17]} 5. h3 {[%emt 0:00:07]} d5 {[%emt 0:00:37]} 6. Nf3 {[%emt 0:00:06]} c5 {[%emt 0:00:41]} 7. c3 {[%emt 0:00:02]} Nc6 {[%emt 0:00:21]} 8. Ne5 {[%emt 0:00:10]} Qb6 {[%emt 0:01:46]} 9. Qb3 {[%emt 0:00:08]} Na5 {[%emt 0:07:46]} 10. Qxb6 {[%emt 0:00:44]} axb6 {[%emt 0:00:16]} 11. Nd2 {[%emt 0:01:23]} c4 {[%emt 0:01:59]} 12. O-O {[%emt 0:00:22]} Nc6 {[%emt 0:02:46]} 13. e4 {[%emt 0:01:09]} e6 {[%emt 0:00:20]} 14. Bf3 {[%emt 0:01:25]} b5 {[%emt 0:01:06]} 15. a3 {[%emt 0:01:08]} h6 {[%emt 0:02:45]} 16. h4 {[%emt 0:01:46]} Rd8 {[%emt 0:04:36]} 17. Rfe1 {[%emt 0:01:53]} Ne7 {[%emt 0:16:51]} 18. Rad1 {[%emt 0:02:53]} b6 {[%emt 0:01:43]} 19. exd5 {[%emt 0:04:14]} Nfxd5 {[%emt 0:00:22]} 20. Ng4 {[%emt 0:02:46]} h5 {[%emt 0:11:07]} 21. Ne3 {[%emt 0:00:51]} Bb7 {[%emt 0:01:48]} 22. Nxd5 {[%emt 0:00:32]} Bxd5 {[%emt 0:05:19]} 23. Bc7 {[%emt 0:01:43]} Rdc8 {[%emt 0:02:40]} 24. Bxb6 {[%emt 0:01:09]} Bxf3 {[%emt 0:01:10]} 25. Nxf3 {[%emt 0:00:15]} Nd5 {[%emt 0:00:24]} 26. Bc5 {[%emt 0:00:09]} Nf4 {[%emt 0:00:43]} 27. Bd6 {[%emt 0:02:11]} Nd3 {[%emt 0:00:17]} 28. Re2 {[%emt 0:00:16]} Bh6 {[%emt 0:01:25]} 29. g3 {[%emt 0:03:02]} Ra6 {[%emt 0:04:27]} 30. Be7 {[%emt 0:00:43]} Rc7 {[%emt 0:03:48]} 31. Bg5 {[%emt 0:00:29]} Bf8 {[%emt 0:02:03]} 32. Ne5 {[%emt 0:02:22]} Nxe5 {[%emt 0:03:16]} 33. dxe5 {[%emt 0:00:32]} Bg7 {[%emt 0:07:51]} 34. Rd8+ {[%emt 0:00:27]} Kh7 {[%emt 0:00:10]} 35. Bf4 {[%emt 0:00:07]} Rc5 {[%emt 0:00:48]} 36. Kg2 {[%emt 0:01:51]} Rac6 {[%emt 0:02:50]} 37. Kf3 {[%emt 0:01:03]} Rc8 {[%emt 0:01:53]} 38. Rxc8 {[%emt 0:00:52]} Rxc8 {[%emt 0:00:06]} 39. Rd2 {[%emt 0:00:04]} Bf8 {[%emt 0:01:45]} 40. Rd7 {[%emt 0:00:00]} Kg7 {[%emt 0:00:00]} 41. Be3 {[%emt 0:00:48]} Rb8 {[%emt 0:01:15]} 42. Ke4 {[%emt 0:00:29]} Kg8 {[%emt 0:00:54]} 43. f4 {[%emt 0:00:41]} Kg7 {[%emt 0:04:31]} 44. Ba7 {[%emt 0:00:56]} Ra8 {[%emt 0:02:09]} 45. Kd4 {[%emt 0:00:12]} Rc8 {[%emt 0:00:59]} 46. Bb6 {[%emt 0:00:11]} Rc6 {[%emt 0:00:28]} 47. Rb7 {[%emt 0:01:20]} g5 {[%emt 0:02:31]} 48. hxg5 {[%emt 0:00:23]} Kg6 {[%emt 0:00:06]} 49. Ke4 {[%emt 0:00:17]} Bc5 {[%emt 0:00:38]} 50. Bxc5 {[%emt 0:00:11]} Rxc5 {[%emt 0:00:05]} 51. Rd7 {[%emt 0:00:14]} Rc6 {[%emt 0:00:52]} 52. Rd6 {[%emt 0:00:13]} Rc7 {[%emt 0:00:51]} 53. f5+ {[%emt 0:00:29]} Kxg5 {[%emt 0:00:07]} 54. fxe6 {[%emt 0:00:03]} fxe6 {[%emt 0:01:01]} 55. Rxe6 {[%emt 0:00:04]} Kg4 {[%emt 0:00:08]} 56. Rg6+ {[%emt 0:00:06]} Kh3 {[%emt 0:00:07]} 57. e6 {[%emt 0:00:05]} Rc6 {[%emt 0:00:28]} 58. Kd5 {[%emt 0:00:13]} 1-0